000 00751nas a2200253 4500
001 BR7702293
003 BR-BrBNA
005 20231205083153.0
007 ta
008 230509b bl.|||p| |||| 00| 00por d
040 _aBR-BrBNA
_bpor
_cBiblioteca Nacional de Agricultura
041 _a(Pt)
072 _aK50
100 1 _aTomaselli, I.
245 1 _aCondicoes da secagem artificial de madeiras serradas no Parana e Santa Catarina [Brasil]
650 _aIndustria florestal
650 _aSecagem artificial
650 _aMadeira
650 _aPARANÁ
650 _aSanta Catarina
773 0 _tFloresta (Brazil)
_xISSN 0015-3826
_g(Jun 1977), v. 8(1) p. 55-60
_wBR7702293
909 _a202311
_bLúcia
_c55
_dLúcia Elande
942 _2AGRIS
_n0
_cANA
999 _c96885
_d96885